Slovensko-poľská spolupráca v oblasti bezpečnosti a obrany

Problematika bezpečnostnej politiky a analýza spolupráce v oblasti bezpečnosti medzi Slovenskom a Poľskom od roku 1993 a komparácia vzájomných postojov. Bezpečnosť a spolupráca krajín strednej Európy.

Salvato in:
Dettagli Bibliografici
Autore principale: Goda, Samuel
Altri autori: Groszkowski, Jakub
Natura: Capitolo di libro
Lingua:slovacco
Soggetti:
Tags: Aggiungi Tag
Nessun Tag, puoi essere il primo ad aggiungerne!!

MARC

LEADER 00000naa$a2200000$$$4500
001 0228082
005 20240502073745.5
041 0 |a slo 
044 |a SK 
245 1 0 |a Slovensko-poľská spolupráca v oblasti bezpečnosti a obrany  |c Samuel Goda, Jakub Groszkowski 
520 |a Problematika bezpečnostnej politiky a analýza spolupráce v oblasti bezpečnosti medzi Slovenskom a Poľskom od roku 1993 a komparácia vzájomných postojov. Bezpečnosť a spolupráca krajín strednej Európy. 
610 2 0 |a spolupráca medzinárodná 
610 2 0 |a bezpečnosť medzinárodná 
610 2 0 |a NATO 
610 2 0 |a politika bezpečnostná 
610 2 0 |a vzťahy zahraničné 
610 2 0 |a Slovensko 
610 2 0 |a Poľsko 
100 1 |a Goda, Samuel 
700 1 |a Groszkowski, Jakub